The 8051 microcontroller and embedded systems / (Record no. 27391)
[ view plain ]
| 000 -LEADER | |
|---|---|
| fixed length control field | 00912cam a22002655a 4500 |
| 005 - DATE AND TIME OF LATEST TRANSACTION | |
| control field | 20201128024412.0 |
| 008 - FIXED-LENGTH DATA ELEMENTS--GENERAL INFORMATION | |
| fixed length control field | 140527t2014 enka fr 001 0 eng d |
| 020 ## - INTERNATIONAL STANDARD BOOK NUMBER | |
| International Standard Book Number | 9781292026572 |
| 020 ## - INTERNATIONAL STANDARD BOOK NUMBER | |
| International Standard Book Number | 129202657X |
| 040 ## - CATALOGING SOURCE | |
| Original cataloging agency | StDuBDS |
| Language of cataloging | eng |
| Transcribing agency | StDuBDS |
| Modifying agency | EG-ScBUE |
| -- | EG-ScBUE |
| 082 04 - DEWEY DECIMAL CLASSIFICATION NUMBER | |
| Classification number | 629.895 |
| Item number | MAZ |
| Edition number | 22 |
| 100 10 - MAIN ENTRY--PERSONAL NAME | |
| Personal name | Mazidi, Muhammad Ali. |
| 245 14 - TITLE STATEMENT | |
| Title | The 8051 microcontroller and embedded systems / |
| Statement of responsibility, etc | Mazidi, Mazidi, McKinlay. |
| 250 ## - EDITION STATEMENT | |
| Edition statement | 2nd ed., Pearson new international ed. |
| 260 ## - PUBLICATION, DISTRIBUTION, ETC. (IMPRINT) | |
| Place of publication, distribution, etc | Harlow : |
| Name of publisher, distributor, etc | Pearson Education Limited, |
| Date of publication, distribution, etc | c.2014. |
| 300 ## - PHYSICAL DESCRIPTION | |
| Extent | xiii, 626 p. : |
| Other physical details | ill. ; |
| Dimensions | 28 cm. |
| 500 ## - GENERAL NOTE | |
| General note | Includes index. |
| 650 #7 - SUBJECT ADDED ENTRY--TOPICAL TERM | |
| Topical term or geographic name as entry element | Intel 8051 (Microcontroller) |
| General subdivision | Programming. |
| Source of heading or term | BUEsh |
| 650 #7 - SUBJECT ADDED ENTRY--TOPICAL TERM | |
| Topical term or geographic name as entry element | Embedded computer systems |
| General subdivision | Programming. |
| Source of heading or term | BUEsh |
| 9 (RLIN) | 2646 |
| 651 ## - SUBJECT ADDED ENTRY--GEOGRAPHIC NAME | |
| Source of heading or term | BUEsh |
| 653 ## - INDEX TERM--UNCONTROLLED | |
| Resource For college | Engineering, Electrical |
| Arrived date list | April2019 |
| 700 1# - ADDED ENTRY--PERSONAL NAME | |
| Personal name | Mazidi, Janice Gillispie. |
| 9 (RLIN) | 17979 |
| 700 1# - ADDED ENTRY--PERSONAL NAME | |
| Personal name | McKinlay, Rolin D. |
| 9 (RLIN) | 34972 |
| 942 ## - ADDED ENTRY ELEMENTS (KOHA) | |
| Source of classification or shelving scheme | Dewey Decimal Classification |
| Withdrawn status | Item status | Source of classification or shelving scheme | Damaged status | Not for loan | Vendor | Home library | Current library | Shelving location | Date acquired | Source of acquisition | Cost, normal purchase price | Serial Enumeration / chronology | Total Checkouts | Full call number | Barcode | Date last seen | Cost, replacement price | Koha item type |
|---|---|---|---|---|---|---|---|---|---|---|---|---|---|---|---|---|---|---|
| Dewey Decimal Classification | Baccah | Central Library | Central Library | First floor | 18/04/2019 | Purchase | 250.00 | 21201 | 629.895 MAZ | 000043536 | 15/07/2025 | 313.00 | Book - Borrowing |